000 00297nam a22001337a 4500
008 210303b ||||| |||| 00| 0 eng d
020 _a9780077343309
041 _aeng
080 _24th
_a510
100 _a36
101 _aMAT
245 _aBasic College Mathematics
_cBello,I
942 _2udc
_cBK
999 _c55584
_d55584